Normal view
MARC view
- W.Forsythe
Entry Personal Name
001 - CONTROL NUMBER
- control field: 106564
003 - CONTROL NUMBER IDENTIFIER
- control field: NUST
005 - DATE AND TIME OF LATEST TRANSACTION
- control field: 20221231150459.0
008 - FIXED-LENGTH DATA ELEMENTS
- fixed length control field: 221231|| aca||aabn | a|a d
040 ## - CATALOGING SOURCE
- Original cataloging agency: NUST
- Transcribing agency: NUST
100 ## - HEADING--PERSONAL NAME
- Personal name: W.Forsythe
670 ## - SOURCE DATA FOUND
- Source citation: Work cat.: (NUST)214744: W.Forsythe, Digital Control :, 1991
